| 000 | 01347cam a22003497a 4500 | ||
|---|---|---|---|
| 001 | 2008 | ||
| 003 | FISKH | ||
| 005 | 20231027115632.0 | ||
| 008 | 100831s2010 nyuab j 000 1 eng | ||
| 010 | _a 2010282329 | ||
| 020 | _a9781416960850 (pbk.) | ||
| 020 | _a1416960856 (pbk.) | ||
| 040 |
_aDLC _cDLC _beng |
||
| 050 | 0 | 0 | _aMLCS 2011/44422 (P) |
| 082 | _a940.5421 | ||
| 100 | 1 | _aJames, Brian. | |
| 245 | 1 | 0 |
_aBattle of the North / _cby Brian James ; illustrated by Shane L. Johnson. |
| 260 |
_aNew York : _bSimon Spotlight, _c2010. |
||
| 300 |
_a64 pages : _bcolor illustrations ; map ; _c20 cm |
||
| 505 | _aF | ||
| 520 | _aCitizens of all nations can learn about the infamous battle at the Northern Water Tribe and the struggle leading up to it, in this book chronicling the Water and Fire Nations' major fighters, armies, vehicles, weaponry, bending skills, and battle strategies. | ||
| 521 | 8 |
_a340
_bLexile |
|
| 521 | 8 |
_aF
_bRaz-Plus |
|
| 650 |
_aBattle _vFictions |
||
| 651 | _aThe North | ||
| 700 | 1 |
_aJohnson, Shane L. _eillustrations |
|
| 730 | 0 | _aLast airbender (Motion picture) | |
| 730 | 0 | _aAvatar, the last airbender (Television program) | |
| 906 |
_a7 _bcbc _corigres _d4 _encip _f20 _gy-gencatlg |
||
| 942 |
_2ddc _cBK _n0 |
||
| 999 |
_c2008 _d2008 |
||